|
|
|
|
| LEADER |
00908pam a22002658a 4500 |
| 001 |
00037842 |
| 005 |
20171026081025.0 |
| 008 |
170514s2005 ||||||Viesd |
| 041 |
0 |
# |
|a Vie
|
| 082 |
1 |
4 |
|a 796.54
|b M124TH
|
| 100 |
1 |
# |
|a Trần, Thời
|e Biên soạn
|
| 245 |
1 |
0 |
|a Mật thư
|b Tủ sách kỹ năng hoạt động thanh thiếu niên
|c Trần Thời (biên soạn)
|
| 250 |
# |
# |
|a Tái bản lần thứ X
|
| 260 |
# |
# |
|a TP. HCM
|b Trẻ
|c 2005
|
| 300 |
# |
# |
|a 100tr.
|c 19 cm.
|
| 490 |
# |
# |
|a Tủ sách kỷ năng hoạt động thanh thiếu niên
|
| 653 |
# |
# |
|a Mật thư
|
| 653 |
# |
# |
|a Sinh hoạt
|
| 653 |
# |
# |
|a Trò chơi
|
| 852 |
# |
# |
|b Kho mượn
|j KM.0022700
|
| 852 |
# |
# |
|b Kho đọc
|j KD.0021952
|
| 852 |
# |
# |
|j KM.0022700
|j KD.0021952
|
| 910 |
|
|
|d 14/05/2017
|
| 980 |
# |
# |
|a Trung tâm Học liệu Lê Vũ Hùng, Trường Đại học Đồng Tháp
|